¡Ay, se me ha caído un diente! (Registro nro. 15778)

Detalles MARC
000 - LÍDER
campo de control de longitud fija 00915nam a22002537i 4500
005 - FECHA Y HORA DE LA ÚLTIMA TRANSACCIÓN
campo de control 20210818182341.0
008 - ELEMENTOS DE DATOS DE LONGITUD FIJA - INFORMACIÓN GENERAL
campo de control de longitud fija 200116s2008 sp a br 000 j spa d
020 ## - INTERNATIONAL STANDARD BOOK NUMBER
International Standard Book Number 9788489825512
040 ## - FUENTE DE CATALOGACIÓN
Agencia de catalogación original COMFC
Lenguaje de catalogación spa
Descripción convenciones rda
041 ## - CÓDIGO DE LENGUAJE
Código de idioma de texto / pista de sonido o título separado spa
082 04 - NÚMERO DE CLASIFICACIÓN DECIMAL DEWEY
Número de clasificación 808.068
Número de artículo R685a
100 1# - ENTRADA PRINCIPAL - NOMBRE PERSONAL
9 (RLIN) 55431
Nombre de la persona Roda Fábregas, Ignasi
Término del Relator aut
245 11 - TÍTULO DECLARACIÓN
Título ¡Ay, se me ha caído un diente!
Declaración de responsabilidad Ignasi Roda Fábregas ; ilustraciones Sandra Aguilar Latorre
264 01 - AVISO DE PRODUCCIÓN, PUBLICACIÓN, DISTRIBUCIÓN, FABRICACIÓN Y DERECHOS DE AUTOR
Lugar de producción Barcelona
Nombre del productor ING edicions
Fecha de producción 2008
300 ## - DESCRIPCIÓN FÍSICA
Alcance [26] páginas
Otros datos físicos principalmente ilustraciones en color
Dimensiones 30 cm
336 ## - TIPO DE CONTENIDO
Fuente rdacontent
Tipo de contenido txt
337 ## - TIPO DE MEDIO
Fuente rdamedia
Término del tipo de medio n
338 ## - TIPO DE PORTADOR
Fuente rdacarrier
Término del tipo de operador nc
650 #0 - ENTRADA DE SUJETO AÑADIDO - TÉRMINO TÓPICO
9 (RLIN) 26313
Término tópico o elemento de entrada del nombre geográfico Perdida de Dientes
Subdivisión de forma Literatura Infantil
650 #0 - ENTRADA DE SUJETO AÑADIDO - TÉRMINO TÓPICO
9 (RLIN) 10648
Término tópico o elemento de entrada del nombre geográfico Cuentos Infantiles
650 #0 - ENTRADA DE SUJETO AÑADIDO - TÉRMINO TÓPICO
9 (RLIN) 21021
Término tópico o elemento de entrada del nombre geográfico Libros Ilustrados Para Niños
700 1# - ENTRADA AGREGADA - NOMBRE PERSONAL
9 (RLIN) 53124
Nombre de la persona Aguilar Latorre, Sandra
Término del Relator ill
942 ## - ELEMENTOS DE ENTRADA AGREGADOS (KOHA)
Fuente de clasificación o esquema de estanterías Dewey Decimal Classification
Parte de clasificación 808.068 R685a
Prefijo del número de llamada 808.068
Sufijo del número de llamada R685a
Existencias
Estado de retirada Pérdida de estatus Fuente de clasificación o esquema de estanterías Estado dañado No para préstamo Código de recogida Ubicación permanente Ubicación actual Ubicación de las estanterías Fecha de adquisición Total de Cajas Número Topográfico Código de barras Precio efectivo desde Número de copia Fecha de la última vez que se vio Tipo de artículo Koha Nota pública Fuente de adquisición
    Dewey Decimal Classification     General Biblioteca Pública Departamental Comfamiliar Risaralda Biblioteca Pública Departamental Comfamiliar Risaralda Área General 16/01/2020   808.068 R685a 1004966 16/01/2020 Ej. 1 16/01/2020 Libro Cuentos Infantiles  
    Dewey Decimal Classification     General Biblioteca Pública Jaime Fernández Botero Biblioteca Pública Jaime Fernández Botero Área Infantil 22/07/2022   808.068 R685a SANRC17 - 0624 22/07/2022 Ej. 1 22/07/2022 Libro Cuentos Infantiles Compra